Categorical Capitonyms Quiz Stats

 Plays Quiz Updated Sep 29, 2018

Score 0/15 Timer 03:00
0 Plays Today
Definitions Answer % Correct
World's most populous country or fine white or translucent vitrified ceramic materialChina - china
96.3%
1981 Andrew Lloyd Webber musical or members of the Felidae family or Felinae subfamilyCats - cats
95%
Period between Ash Wednesday and Easter Sunday or past tense of lendLent - lent
94.4%
Common nickname for people named William or an amount to be paid for a service or goodBill - bill
94.1%
Surname of the 41st and 43rd U.S. presidents or shrub or clump of shrubs with stems of moderate lengthBush - bush
93.9%
Chandler, Joey, Ross, Monica, Phoebe, Rachel or pals, buddies, chums, matesFriends - friends
93.6%
Surname of Queen's former lead vocalist or a chemical element with symbol Hg and atomic number 80Mercury - mercury
91.2%
The month the wild NCAA basketball tournament starts or a regular, measured walk or treadMarch - march
87.9%
Definitions Answer % Correct
1988 Tom Hanks comedy film or of considerable size, extent, or intensityBig - big
87.7%
A branch of Chinese language or a sweet, orange-like citrus fruitMandarin - mandarin
87.5%
Sega's mascot or denoting, relating to, or of the nature of sound or sound wavesSonic - sonic
85.4%
A Shakespearean tragedy or a small town or villageHamlet - hamlet
85.2%
The 18th book in the Old Testament of the King James Bible or a paid position of regular employmentJob - job
85.2%
A medium sized constellation or a group of diseases characterized by abnormal cell growthCancer - cancer
84.4%
An Italian automobile manufacturer or a formal decree or orderFiat - fiat
79.4%

You're not logged in!

Compare scores with friends on all Sporcle quizzes.
OR
Log In

Sporcle TV

Today on Sporcle TV


Watch our educational content, quiz creation guides, and fun videos on Sporcle TV.

Show Comments

Extras

Top Quizzes Today


Score Distribution

Your Account Isn't Verified!

In order to create a playlist on Sporcle, you need to verify the email address you used during registration. Go to your Sporcle Settings to finish the process.

Report this User

Report this user for behavior that violates our Community Guidelines.

Details: